LEADER 01095nam a2200205 i 4500 001 000000180458 003 CaOOAMICUS 005 20090710000000.0 008 090710s1903 it u000 u fre u 013 $a158103 040 $aSeMil$bita 100 1 $aGibier, Charles .$0(OLS)http://semarc/name/6060 245 13$aLa désorganisation de la famille :$bConférences aux Hommes. Conférences données, pendant l'année 1901, à la Messe des hommes de Saint-Paterne, à Orléans /$cMgr Gibier. 260 $aParis :$bLethielleux,$c1903. 300 $aXIII, 496 p. 773 0 $aGibier, Charles $tConferenze agli uomini.$dTorino ; Roma : Marietti, 1929.$w()21668 850 $aSeMil 852 $aSeMil$W1$xVenegono$y1$m3C II 116$j131206$B131206$CSeMilBibl$Z2$F143096 $81 996 $6245$aLa désorganisation de la famille :$bConférences aux Hommes. Conférences données, pendant l'année 1901, à la Messe des hommes de Saint-Paterne, à Orléans$9(OLS)http://semarc/title/259113 996 $6260$aParis :$bLethielleux$9(OLS)http://semarc/publisher/30156 LEADER 01086nam a2200181 i 4500 001 000000215141 003 CaOOAMICUS 005 20120814000000.0 008 120814s1870 it u000 u lat u 013 $a194013 040 $aSeMil$bita 245 10$aIn primam partem ac juxta miram ejusdem Angelici Praeceptoris doctrinam, et omnino consone ad eam quam Complutense Collegius eiusdem Ordinis in suo artium cursu tradidid. 300 $a678 p. 773 0 $aCarmelitani Scalzi : Collegio salmantino$tCollegii Salmanticensis Fr. Discalceatorum B. Mariae de Monte Carmeli ... Cursus theologicus Summam Theologicam angelici doctoris D. Thomae complectens.$dParisiis : apud Victorem Palmé, 1870-1883.$bEditio nova, correcta.$g1$w()27226 850 $aSeMil 852 $aSeMil$W1$xVenegono$y1$m1ZF IV 47 FA$j165562$B165562$CSeMilBibl$Z2$F176535 $8I 961 $aOmaggio: Altro 996 $6245$aIn primam partem ac juxta miram ejusdem Angelici Praeceptoris doctrinam, et omnino consone ad eam quam Complutense Collegius eiusdem Ordinis in suo artium cursu tradidid$9(OLS)http://semarc/title/309857